UK Panel Shows by Hint - Statistics

General Stats
  • This quiz has been taken 183 times
  • The average score is 7 of 10
Answer Stats
Hint Host(s) Answer % Correct
Panellists answer obscure trivia questions, where negative scores are frequent Stephen Fry, Sandi Toksvig QI
91%
Name based on a misquoted line from a 'Whiskas' advert Jimmy Carr 8 Out of 10 Cats
89%
Panellists give surprising anecdotes, whilst the other team guesses if they are true or not Angus Deayton, Rob Brydon Would I Lie to You?
84%
Spinoff of the above, and crossover with long-running Channel 4 game show Jimmy Carr 8 Out of 10 Cats Does Countdown
83%
Celebrity guests go head to head by completing unusual tasks Greg Davies, Alex Horne Taskmaster
82%
Ian Hislop and Paul Merton are regulars on this show (with a lengthy title) Angus Deayton, Guest Presenters Have I Got News for You
77%
Its theme song is News of the World by The Jam Dara Ó Briain Mock the Week
70%
Music-themed comedy show, with name based on a 'Sex Pistols' album Mark Lamarr, Simon Amstell, Rhod Gilbert, Guest Presenters Never Mind the Buzzcocks
61%
Sport-themed panel show, featuring Freddie Flintoff and Jamie Redknapp James Corden, Guest Presenters A League of Their Own
37%
Originally focused on tabloid news stories, with increasing focus on outlandish games Leigh Francis (as Keith Lemon) Celebrity Juice
34%
No matching quizzes found
Score Distribution
Percent of People with Each Score
Percentile by Number Answered
Your Score History
You have not taken this quiz